Loading...

Trade and Development Report,2005: United Nations Conference on Trade and Development, Geneva

Bibliographic Details
Main Author: United Nations
Format: Printed Book
Published: United Nations Publication, New York 2005
Subjects:
LEADER 00650nam a2200193 4500
020 |c Rs.1095/- 
082 |a 337R UNI-T 
100 |a United Nations 
245 |a Trade and Development Report,2005: United Nations Conference on Trade and Development, Geneva 
250
260 |a United Nations Publication, New York  |c 2005 
300
490
500
590 |a Modern Book Centre, Thiruvananthapuram  |b MBC- 1759/05, 10/11/2005  |c Rs.1095/- 
650 |a International economics-- Report 
942 |c REF 
999 |c 114753  |d 114753 
952 |0 0  |1 0  |4 0  |6 337R_UNIT  |7 0  |9 128220  |a ECN  |b ECN  |g 0.00  |l 0  |o 337R UNI-T  |p ECN11775  |r 2019-09-25  |w 2019-09-25  |y REF